[Event "SVK-chT2B 2223"]
[Site "Slovakia"]
[Date "2023.03.26"]
[Round "11.3"]
[White "Reisel, Frantisek"]
[Black "Kovarikova, Maria"]
[Result "0-1"]
[WhiteElo "1905"]
[BlackElo "1922"]
[PlyCount "40"]
[EventDate "2022.10.08"]
[EventType "team-tourn"]
[EventRounds "11"]
[EventCountry "SVK"]
[SourceTitle "EXT 2024"]
[Source "ChessBase"]
[SourceDate "2023.10.10"]
[SourceVersion "1"]
[SourceVersionDate "2023.10.10"]
[SourceQuality "1"]
[WhiteTeam "Prievidza"]
[BlackTeam "Batorove Kosihy"]
[WhiteTeamCountry "SVK"]
[BlackTeamCountry "SVK"]

1. d4 Nf6 2. c4 d5 3. Nc3 g6 4. Bf4 Bg7 5. e3 0-0 6. Nf3 c5 7. dxc5 Qa5 8. Qd2 dxc4 9. Bxc4 Rd8 10. Qc2 Qxc5 11. Qb3 e6 12. 0-0 Nc6 13. Be2 e5 14. Bg3 e4 15. Ne1 Qe7 16. Nc2 Rd2 17. Bb5 Be6 18. Qa4 Nd5 19. Bxc6 Nxc3 20. Qa5 Ne2+ 0-1

[Event "SVK-chT2B 2223"]
[Site "Slovakia"]
[Date "2022.11.13"]
[Round "4.7"]
[White "Matejka, Peter"]
[Black "Kovarikova, Maria"]
[Result "0-1"]
[WhiteElo "1546"]
[BlackElo "1964"]
[PlyCount "86"]
[EventDate "2022.10.08"]
[EventType "team-tourn"]
[EventRounds "11"]
[EventCountry "SVK"]
[SourceTitle "EXT 2024"]
[Source "ChessBase"]
[SourceDate "2023.10.10"]
[SourceVersion "1"]
[SourceVersionDate "2023.10.10"]
[SourceQuality "1"]
[WhiteTeam "Nemsova Horne Srnie"]
[BlackTeam "Batorove Kosihy"]
[WhiteTeamCountry "SVK"]
[BlackTeamCountry "SVK"]

1. d4 Nf6 2. c4 g6 3. Nc3 d5 4. Nf3 Bg7 5. Bg5 Ne4 6. Nxd5 Nxg5 7. Nxg5 e6 8. Nxc7+ Qxc7 9. Nf3 Qxc4 10. e3 Qb4+ 11. Qd2 Qxd2+ 12. Nxd2 0-0 13. Be2 Rd8 14. Bf3 Nc6 15. a3 Ne7 16. Nc4 Rb8 17. Rb1 b6 18. 0-0 Bb7 19. Bxb7 Rxb7 20. a4 Rc7 21. b3 Nf5 22. g3 Rc6 23. Kg2 Rdc8 24. Rfd1 Nd6 25. Na3 a6 26. Kf3 b5 27. axb5 axb5 28. d5 Rb6 29. dxe6 fxe6 30. Rd2 b4 31. Nc2 Rf8+ 32. Kg2 Ne4 33. Rbd1 Nxd2 34. Rxd2 Bc3 35. Rd1 e5 36. f4 e4 37. Nd4 Rd6 38. Kf2 Rfd8 39. g4 Bxd4 40. exd4 Rxd4 41. Rb1 Rd3 42. h4 Rf3+ 43. Ke2 Rdd3 0-1

[Event "SVK-ch U14 Girls rapid"]
[Site "Nitra"]
[Date "2021.09.11"]
[Round "7"]
[White "Kovarikova, Maria"]
[Black "Hudakova, Nina"]
[Result "1-0"]
[WhiteElo "1708"]
[BlackElo "1092"]
[PlyCount "103"]
[EventDate "2021.09.11"]
[EventType "swiss (rapid)"]
[EventRounds "7"]
[EventCountry "SVK"]
[SourceTitle "EXT 2023"]
[Source "ChessBase"]
[SourceDate "2022.10.05"]
[SourceVersion "1"]
[SourceVersionDate "2022.10.05"]
[SourceQuality "1"]

1. e4 e5 2. Nf3 Nc6 3. Bc4 Nf6 4. d3 Bc5 5. 0-0 0-0 6. c3 Nh5 7. b4 Bb6 8. b5 Ne7 9. Nxe5 Nf6 10. Bg5 d6 11. Bxf6 dxe5 12. Bxe5 Ng6 13. Bg3 Kh8 14. Nd2 f5 15. exf5 Rxf5 16. Re1 Qf8 17. Qe2 Bd7 18. d4 c5 19. d5 Re8 20. Qf1 Ne7 21. Bd6 Qf6 22. Bxe7 Rxe7 23. Rxe7 Qxe7 24. Re1 Qf6 25. Ne4 Qh4 26. Ng3 Rf6 27. Qe2 h6 28. Qe7 Qg4 29. h3 Qf4 30. Qe2 Ba5 31. Ne4 Rf8 32. Nxc5 Bf5 33. Na4 Qg5 34. Qe7 Rf6 35. Qe3 Qg6 36. Qe8+ Qxe8 37. Rxe8+ Kh7 38. g4 Bc2 39. Bb3 Bxb3 40. axb3 Rd6 41. c4 Rf6 42. Nc5 Rf3 43. d6 Rc3 44. d7 Rc1+ 45. Kg2 Bb6 46. d8Q Bxd8 47. Rxd8 Rc3 48. Nxb7 Rxb3 49. Nd6 Rb4 50. c5 Rc4 51. Nxc4 g6 52. c6 1-0

[Event "SVK-ch U14 Girls rapid"]
[Site "Nitra"]
[Date "2021.09.11"]
[Round "1"]
[White "Kovarikova, Maria"]
[Black "Tomcaniova, Lucia"]
[Result "1-0"]
[WhiteElo "1708"]
[BlackElo "1104"]
[PlyCount "75"]
[EventDate "2021.09.11"]
[EventType "swiss (rapid)"]
[EventRounds "7"]
[EventCountry "SVK"]
[SourceTitle "EXT 2023"]
[Source "ChessBase"]
[SourceDate "2022.10.05"]
[SourceVersion "1"]
[SourceVersionDate "2022.10.05"]
[SourceQuality "1"]

1. e4 c6 2. d4 d5 3. Nc3 dxe4 4. Nxe4 Nf6 5. Nxf6+ exf6 6. c3 Be6 7. Bd3 c5 8. Ne2 Bd6 9. Qc2 g6 10. Be3 cxd4 11. Nxd4 Bd5 12. f3 Nc6 13. 0-0 0-0 14. Nxc6 Bxc6 15. Rad1 Qc7 16. g3 Rfe8 17. Bd4 Be5 18. Be4 Bxe4 19. fxe4 Bxd4+ 20. Rxd4 Qb6 21. Qf2 Rad8 22. Qxf6 Qxf6 23. Rxf6 Rxd4 24. cxd4 Rxe4 25. Rf4 Re2 26. Rf2 Re4 27. Rd2 Kf8 28. Kf2 Ke7 29. Re2 Rxe2+ 30. Kxe2 Kd6 31. Kd3 Kd5 32. b3 f5 33. Ke3 g5 34. h3 h6 35. a3 a6 36. a4 b5 37. axb5 axb5 38. h4 1-0

[Event "Gyor Amateur op 21st"]
[Site "Gyor"]
[Date "2021.08.21"]
[Round "2"]
[White "Gyovai, Balint"]
[Black "Kovarikova, Maria"]
[Result "0-1"]
[WhiteElo "1219"]
[BlackElo "1828"]
[PlyCount "58"]
[EventDate "2021.08.21"]
[EventType "swiss"]
[EventRounds "5"]
[EventCountry "HUN"]
[SourceTitle "EXT 2024"]
[Source "ChessBase"]
[SourceDate "2023.10.10"]
[SourceVersion "1"]
[SourceVersionDate "2023.10.10"]
[SourceQuality "1"]

1. d4 Nf6 2. Nf3 g6 3. g3 Bg7 4. Bg2 0-0 5. 0-0 d6 6. c4 Nbd7 7. b3 e5 8. e3 exd4 9. Nxd4 c5 10. Ne2 Ne4 11. Bxe4 Bxa1 12. Nbc3 Nf6 13. Bg2 Bxc3 14. Nxc3 Re8 15. Bb2 Qe7 16. Nb5 a6 17. Nxd6 Rd8 18. Nxc8 Raxc8 19. Qe2 Ne4 20. Bc1 Rd6 21. f3 Nf6 22. Ba3 b6 23. b4 Rcd8 24. bxc5 Rd2 25. Qe1 Rxa2 26. Qc3 Rdd2 27. cxb6 Rxg2+ 28. Kh1 Rxh2+ 29. Kg1 Rag2# 0-1

[Event "SVK-ch Amateurs"]
[Site "Topolcany"]
[Date "2021.08.08"]
[Round "5"]
[White "Kovarikova, Maria"]
[Black "Nadzamova, Viktoria"]
[Result "0-1"]
[WhiteElo "1828"]
[BlackElo "2038"]
[PlyCount "72"]
[EventDate "2021.08.06"]
[EventType "swiss"]
[EventRounds "7"]
[EventCountry "SVK"]
[SourceTitle "EXT 2022"]
[Source "ChessBase"]
[SourceDate "2021.10.06"]
[SourceVersion "1"]
[SourceVersionDate "2021.10.06"]
[SourceQuality "1"]

1. e4 c5 2. Nf3 e6 3. d4 cxd4 4. Nxd4 a6 5. c4 Nf6 6. Nc3 d6 7. Be2 Be7 8. 0-0 0-0 9. Be3 Qc7 10. f4 Nbd7 11. Rc1 b6 12. Bf3 Bb7 13. b4 Rfd8 14. Qe1 Rac8 15. f5 exf5 16. Nd5 Nxd5 17. cxd5 Qb8 18. Nxf5 Bf6 19. Qg3 Rxc1 20. Bxc1 Ne5 21. Bh5 Bc8 22. Nh6+ Kh8 23. Nxf7+ Nxf7 24. Bxf7 Qc7 25. Be6 Bxe6 26. dxe6 Qc4 27. e5 dxe5 28. e7 Bxe7 29. Bh6 Qd4+ 30. Be3 Qd6 31. Rf7 Bf6 32. h3 Qxb4 33. Bg5 Rf8 34. Qc3 Qd6 35. Qd3 Qb8 36. Rd7 Bxg5 0-1

[Event "SVK-ch Amateurs"]
[Site "Topolcany"]
[Date "2021.08.06"]
[Round "1"]
[White "Kovarikova, Maria"]
[Black "Juhar, Roman"]
[Result "0-1"]
[WhiteElo "1828"]
[BlackElo "2180"]
[PlyCount "58"]
[EventDate "2021.08.06"]
[EventType "swiss"]
[EventRounds "7"]
[EventCountry "SVK"]
[SourceTitle "EXT 2022"]
[Source "ChessBase"]
[SourceDate "2021.10.06"]
[SourceVersion "1"]
[SourceVersionDate "2021.10.06"]
[SourceQuality "1"]

1. e4 e5 2. Nf3 f5 3. Bc4 Nc6 4. d3 Nf6 5. 0-0 Bc5 6. a4 d6 7. Nc3 fxe4 8. dxe4 Bg4 9. Be3 Bd4 10. Qd2 Bxc3 11. bxc3 Bxf3 12. gxf3 Qd7 13. Kg2 Rf8 14. Rab1 Nxe4 15. Qd3 Nf6 16. Rxb7 e4 17. Qd1 exf3+ 18. Qxf3 Ne5 19. Qe2 Qc6+ 20. f3 Qxb7 21. Bb5+ c6 22. Ba6 Qe7 23. Re1 Nh5 24. f4 Nxf4+ 25. Bxf4 Rxf4 26. Qh5+ g6 27. Qh3 Rh4 28. Qe3 Rxh2+ 29. Kxh2 Ng4+ 0-1

[Event "Liptovsky Jan Slovak op U2200"]
[Site "Liptovsky Jan"]
[Date "2021.06.20"]
[Round "6"]
[White "Hals, Emilia"]
[Black "Kovarikova, Maria"]
[Result "0-1"]
[WhiteElo "1338"]
[BlackElo "1840"]
[PlyCount "56"]
[EventDate "2021.06.17"]
[EventType "swiss"]
[EventRounds "7"]
[EventCountry "SVK"]
[SourceTitle "CBM 203 Extra"]
[Source "ChessBase"]
[SourceDate "2021.09.30"]
[SourceVersion "1"]
[SourceVersionDate "2021.09.30"]
[SourceQuality "1"]

1. e4 c5 2. Nf3 d6 3. d4 cxd4 4. Nxd4 Nf6 5. Nc3 a6 6. Be2 e5 7. Nb3 Be6 8. Be3 Be7 9. Qd2 0-0 10. f3 Nc6 11. g4 Rc8 12. 0-0-0 Na5 13. h4 b5 14. Kb1 Nc4 15. Qd3 a5 16. Nxb5 a4 17. Nd2 Qa5 18. Na3 d5 19. exd5 Nxa3+ 20. bxa3 Rc3 21. Qa6 Rb8+ 22. Ka1 Qxa6 23. Bxa6 Bxd5 24. Bd3 Rxa3 25. Bc4 Rxe3 26. Bxd5 Nxd5 27. Nc4 Rc3 28. Nxe5 Ne3 0-1

[Event "Liptovsky Jan Slovak op U2200"]
[Site "Liptovsky Jan"]
[Date "2021.06.19"]
[Round "4"]
[White "Koren, Juraj"]
[Black "Kovarikova, Maria"]
[Result "0-1"]
[WhiteElo "1497"]
[BlackElo "1840"]
[PlyCount "82"]
[EventDate "2021.06.17"]
[EventType "swiss"]
[EventRounds "7"]
[EventCountry "SVK"]
[SourceTitle "CBM 203 Extra"]
[Source "ChessBase"]
[SourceDate "2021.09.30"]
[SourceVersion "1"]
[SourceVersionDate "2021.09.30"]
[SourceQuality "1"]

1. c4 c5 2. f4 Nc6 3. Nf3 g6 4. Nc3 Bg7 5. e3 e6 6. Nb5 d6 7. Be2 Nge7 8. 0-0 0-0 9. d4 a6 10. Nc3 cxd4 11. exd4 d5 12. cxd5 Nxd5 13. Bc4 Nde7 14. Be3 Nf5 15. Bf2 Ncxd4 16. Bb3 b5 17. Ne5 Bb7 18. Qe1 Nxb3 19. axb3 Qe7 20. Rd1 Rfd8 21. Qe2 Rac8 22. Bb6 Rd6 23. Ba5 Rxd1 24. Rxd1 Qc5+ 25. Qf2 Bxe5 26. Rd8+ Kg7 27. Rxc8 Qxf2+ 28. Kxf2 Bd4+ 29. Ke2 Bxc8 30. Ne4 Bb7 31. Kd3 Bxb2 32. Nc5 Bxg2 33. Nxa6 Bc1 34. Bc3+ f6 35. Nc7 Kf7 36. Bd2 Bxd2 37. Kxd2 Bc6 38. Na6 Ke7 39. Nb4 Kd6 40. Kc3 g5 41. fxg5 fxg5 0-1

[Event "Slovak Hybrid Teams"]
[Site "Tornelo INT"]
[Date "2021.05.14"]
[Round "3.1"]
[White "Holly, Andrej"]
[Black "Kovarikova, Maria"]
[Result "1/2-1/2"]
[WhiteElo "2038"]
[BlackElo "1899"]
[PlyCount "98"]
[EventDate "2021.05.13"]
[EventType "team-tourn"]
[EventRounds "5"]
[EventCountry "SVK"]
[SourceTitle "CBM 202 Extra"]
[Source "ChessBase"]
[SourceDate "2021.07.31"]
[SourceVersion "1"]
[SourceVersionDate "2021.07.31"]
[SourceQuality "1"]
[WhiteTeam "Zilina Region CF"]
[BlackTeam "Nitra Region CF"]
[WhiteTeamCountry "SVK"]
[BlackTeamCountry "SVK"]

1. c4 c5 2. g3 g6 3. Bg2 Bg7 4. Nc3 e6 5. e4 Ne7 6. Nge2 Nbc6 7. d3 0-0 8. 0-0 d6 9. f4 b6 10. Be3 Bb7 11. Qd2 Nd4 12. Rab1 d5 13. cxd5 exd5 14. b4 Bc6 15. Rfc1 Ne6 16. Bf2 cxb4 17. Rxb4 dxe4 18. Nxe4 Rc8 19. Rbc4 Qd7 20. Qb4 Rfd8 21. a4 f5 22. N4c3 Bxg2 23. Kxg2 Nd5 24. Nxd5 Qxd5+ 25. Kg1 Bf8 26. Qb5 Qxb5 27. axb5 Rxc4 28. dxc4 Bc5 29. Ra1 Nd4 30. Nxd4 Rxd4 31. Rc1 Re4 32. Bxc5 bxc5 33. Kf2 Kf7 34. Ra1 Rxc4 35. Rxa7+ Ke6 36. Rxh7 Rb4 37. Rb7 Kd5 38. Rb6 c4 39. Rxg6 Rxb5 40. Ke3 Rb3+ 41. Kd2 Rb2+ 42. Kc3 Rxh2 43. Rg5 Ke4 44. Kxc4 Rc2+ 45. Kb3 Rc8 46. Rg7 Kf3 47. Rg5 Ke4 48. Rg7 Kf3 49. Rg5 Ke4 1/2-1/2

[Event "Mitropa Cup Online (Women)"]
[Site "Tornelo INT"]
[Date "2021.05.07"]
[Round "4.4"]
[White "Mayrhuber, Nikola"]
[Black "Kovarikova, Maria"]
[Result "1-0"]
[WhiteElo "2040"]
[BlackElo "1899"]
[PlyCount "133"]
[EventDate "2021.05.04"]
[EventType "team-tourn"]
[EventRounds "9"]
[EventCountry "SUI"]
[SourceTitle "CBM 202 Extra"]
[Source "ChessBase"]
[SourceDate "2021.07.31"]
[SourceVersion "1"]
[SourceVersionDate "2021.07.31"]
[SourceQuality "1"]
[WhiteTeam "Austria (W)"]
[BlackTeam "Slovakia (W)"]
[WhiteTeamCountry "AUT"]
[BlackTeamCountry "SVK"]

1. d4 Nf6 2. c4 g6 3. Nc3 d5 4. cxd5 Nxd5 5. e4 Nxc3 6. bxc3 Bg7 7. Bc4 c5 8. Ne2 Nc6 9. Be3 Qa5 10. 0-0 cxd4 11. cxd4 0-0 12. Rc1 Rd8 13. Qb3 Rf8 14. Rfd1 Rb8 15. Bxf7+ Rxf7 16. Rxc6 Bd7 17. Rc5 Qa6 18. Nc3 Rc8 19. Rxc8+ Bxc8 20. Rc1 Be6 21. d5 Bd7 22. Nb1 Be5 23. Nd2 b5 24. Nf3 Bf4 25. Bxf4 Rxf4 26. Qe3 Rf8 27. Ne5 Qd6 28. Nd3 a5 29. Qd4 Qa3 30. Rc2 b4 31. f3 Ba4 32. Rd2 Qc3 33. Nc5 Qxd4+ 34. Rxd4 Bb5 35. Rd2 Rc8 36. Rc2 a4 37. Rc1 Rb8 38. Kf2 Kf7 39. Ke3 Kf6 40. Kd4 g5 41. Rb1 b3 42. axb3 a3 43. Ra1 Ra8 44. Ra2 Bf1 45. Na4 Rb8 46. Rxa3 Bxg2 47. Nc5 Rd8 48. b4 e5+ 49. Ke3 Bf1 50. Ra7 Kg6 51. Kf2 Bc4 52. Rb7 Ra8 53. Nd7 Ra2+ 54. Kg3 Bf1 55. Nxe5+ Kh6 56. Ng4+ Kg6 57. Rb6+ Kg7 58. Ne3 Ra1 59. Nxf1 Rxf1 60. b5 h5 61. Re6 h4+ 62. Kg2 Rb1 63. b6 Rb2+ 64. Kh3 Rf2 65. Kg4 Rg2+ 66. Kf5 g4 67. Rg6+ 1-0

[Event "SVK-ch Amateur"]
[Site "Topolcany"]
[Date "2020.07.11"]
[Round "3"]
[White "Kovarikova, Maria"]
[Black "Pniaczek, Marek"]
[Result "0-1"]
[WhiteElo "1844"]
[BlackElo "2102"]
[PlyCount "53"]
[EventDate "2020.07.10"]
[EventType "swiss"]
[EventRounds "7"]
[EventCountry "SVK"]
[SourceTitle "EXT 2021"]
[Source "ChessBase"]
[SourceDate "2020.10.23"]
[SourceVersion "1"]
[SourceVersionDate "2020.10.23"]
[SourceQuality "1"]

1. e4 e5 2. Nf3 Nc6 3. d4 exd4 4. c3 Nf6 5. e5 Nd5 6. cxd4 Bb4+ 7. Bd2 Bxd2+ 8. Qxd2 d6 9. Nc3 dxe5 10. Bb5 0-0 11. Bxc6 bxc6 12. 0-0 exd4 13. Nxd4 Bb7 14. Na4 Qd6 15. Rac1 Nf4 16. Rfd1 c5 17. Rxc5 Rad8 18. Qc2 Rfe8 19. Rc4 Nxg2 20. Nc3 c5 21. Nde2 Qe6 22. b3 Ne3 23. fxe3 Qxe3+ 24. Kf1 Qf3+ 25. Ke1 Qh1+ 26. Kf2 Qg2+ 27. Ke1 0-1

[Event "SVK-ch Amateur"]
[Site "Topolcany"]
[Date "2020.07.10"]
[Round "1"]
[White "Kovarikova, Maria"]
[Black "Macko, Michal"]
[Result "0-1"]
[WhiteElo "1844"]
[BlackElo "2148"]
[PlyCount "78"]
[EventDate "2020.07.10"]
[EventType "swiss"]
[EventRounds "7"]
[EventCountry "SVK"]
[SourceTitle "EXT 2021"]
[Source "ChessBase"]
[SourceDate "2020.10.23"]
[SourceVersion "1"]
[SourceVersionDate "2020.10.23"]
[SourceQuality "1"]

1. e4 c5 2. Nc3 a6 3. g3 b5 4. Bg2 Bb7 5. d3 e6 6. Nge2 Ne7 7. 0-0 d5 8. exd5 Nxd5 9. Ne4 Be7 10. Nf4 Nxf4 11. Bxf4 0-0 12. Qe2 Nc6 13. c3 Rc8 14. Rfd1 e5 15. Bc1 f5 16. Nd2 Qd6 17. Nb3 Rc7 18. Be3 Nd8 19. Bxb7 Nxb7 20. d4 f4 21. Bc1 Rd7 22. Rd2 exd4 23. cxd4 fxg3 24. hxg3 c4 25. Nc5 Nxc5 26. dxc5 Qc6 27. Rxd7 Qxd7 28. c6 Qxc6 29. Qxe7 Re8 30. Qb4 Re5 31. Qc3 Rh5 32. f3 Qd7 33. Bf4 Qh3 34. Kf2 Qh2+ 35. Ke3 Rd5 36. Qe1 Rd3+ 37. Ke4 Qh3 38. Be5 g6 39. f4 Qf5# 0-1

[Event "Skalica op"]
[Site "Skalica"]
[Date "2020.01.11"]
[Round "5"]
[White "Kovarikova, Maria"]
[Black "Babula, Milan"]
[Result "0-1"]
[WhiteElo "1705"]
[BlackElo "2141"]
[PlyCount "62"]
[EventDate "2020.01.11"]
[EventType "swiss"]
[EventRounds "9"]
[EventCountry "SVK"]
[SourceTitle "CBM 194 Extra"]
[Source "ChessBase"]
[SourceDate "2020.03.31"]
[SourceVersion "1"]
[SourceVersionDate "2020.03.31"]
[SourceQuality "1"]

1. e4 Nc6 2. d4 d5 3. e5 Bf5 4. c3 e6 5. Nf3 h6 6. Bd3 Bxd3 7. Qxd3 Qd7 8. b4 f6 9. 0-0 0-0-0 10. a4 g5 11. Re1 f5 12. a5 a6 13. b5 axb5 14. a6 Na7 15. axb7+ Kxb7 16. Re2 Ne7 17. Rea2 Nec8 18. Rb2 Nb6 19. Nbd2 Be7 20. c4 dxc4 21. Nxc4 bxc4 22. Qxc4 Ra8 23. Qa6+ Kb8 24. Be3 Bd8 25. d5 Qxd5 26. Nd4 Nac8 27. Qf1 Rxa1 28. Qxa1 Rh7 29. Rc2 c5 30. Nb5 c4 31. Qa6 Qd1# 0-1

[Event "Skalica op"]
[Site "Skalica"]
[Date "2020.01.11"]
[Round "9"]
[White "Kovarikova, Maria"]
[Black "Skreno, Vladimir"]
[Result "0-1"]
[WhiteElo "1705"]
[BlackElo "2114"]
[PlyCount "70"]
[EventDate "2020.01.11"]
[EventType "swiss"]
[EventRounds "9"]
[EventCountry "SVK"]
[SourceTitle "CBM 194 Extra"]
[Source "ChessBase"]
[SourceDate "2020.03.31"]
[SourceVersion "1"]
[SourceVersionDate "2020.03.31"]
[SourceQuality "1"]

1. e4 c5 2. Nc3 Nc6 3. g3 e5 4. Bg2 d6 5. d3 Nge7 6. f4 g6 7. Be3 Bg7 8. Qd2 Be6 9. Nge2 Nd4 10. 0-0 f6 11. Nd1 Bg4 12. Ndc3 Qd7 13. Bxd4 cxd4 14. Nd1 h5 15. h4 Bh6 16. c3 dxc3 17. Ndxc3 Rc8 18. Rac1 0-0 19. d4 Qd8 20. Na4 b5 21. Nac3 Qb6 22. Kh1 b4 23. Na4 Qb5 24. Rxc8 Rxc8 25. Bf3 Bxf3+ 26. Rxf3 Qxa4 27. Rb3 Qxa2 28. Rxb4 Qb1+ 29. Kh2 Qc2 30. Qe1 exf4 31. gxf4 Bxf4+ 32. Kg1 Qxe4 33. Qd1 Be3+ 34. Kf1 Qf3+ 35. Ke1 Qf2# 0-1

[Event "Skalica op"]
[Site "Skalica"]
[Date "2020.01.11"]
[Round "6"]
[White "Kovarikova, Maria"]
[Black "Vranova, Zdenka"]
[Result "0-1"]
[WhiteElo "1705"]
[BlackElo "1981"]
[PlyCount "96"]
[EventDate "2020.01.11"]
[EventType "swiss"]
[EventRounds "9"]
[EventCountry "SVK"]
[SourceTitle "CBM 194 Extra"]
[Source "ChessBase"]
[SourceDate "2020.03.31"]
[SourceVersion "1"]
[SourceVersionDate "2020.03.31"]
[SourceQuality "1"]

1. e4 e5 2. Nf3 Nf6 3. Nc3 d6 4. d4 Nbd7 5. Bc4 h6 6. 0-0 c6 7. dxe5 dxe5 8. Qe2 Qc7 9. h3 b5 10. Bb3 Nc5 11. Nh4 a5 12. a3 Ba6 13. Qf3 b4 14. Ne2 bxa3 15. bxa3 Nfxe4 16. Re1 Ng5 17. Qc3 Nxb3 18. cxb3 Ne6 19. Nf5 g6 20. Nfg3 Bg7 21. Qc2 0-0 22. Be3 Rfc8 23. Rac1 Qd6 24. a4 f5 25. Bd2 c5 26. Bc3 e4 27. Bxg7 Kxg7 28. Red1 Nd4 29. Qc3 Kh7 30. Nxd4 cxd4 31. Qd2 Rxc1 32. Rxc1 Rc8 33. Rd1 d3 34. Nf1 Qe5 35. Ne3 h5 36. f3 f4 37. Nc4 Bxc4 38. bxc4 Rxc4 39. fxe4 Qxe4 40. Qxa5 Qe3+ 41. Kh2 Rc1 42. Rxc1 Qxc1 43. Qd5 Qe3 44. Qd7+ Kh6 45. a5 d2 46. a6 Qg3+ 47. Kh1 Qe1+ 48. Kh2 d1Q 0-1

[Event "SVK-chT1W 1920"]
[Site "Slovakia"]
[Date "2019.10.13"]
[Round "2.8"]
[White "Kvassay, Peter"]
[Black "Kovarikova, Maria"]
[Result "1-0"]
[WhiteElo "2009"]
[BlackElo "1771"]
[PlyCount "75"]
[EventDate "2019.10.12"]
[EventType "team-tourn"]
[EventRounds "11"]
[EventCountry "SVK"]
[SourceTitle "CBM 193 Extra"]
[Source "ChessBase"]
[SourceDate "2020.01.31"]
[SourceVersion "1"]
[SourceVersionDate "2020.01.31"]
[SourceQuality "1"]
[WhiteTeam "Povazska Bystrica"]
[BlackTeam "Komarno"]
[WhiteTeamCountry "SVK"]
[BlackTeamCountry "SVK"]

1. d4 Nf6 2. Nf3 g6 3. Nc3 Bg7 4. e4 d6 5. Bf4 0-0 6. Qd2 Nc6 7. d5 Nb8 8. 0-0-0 Nbd7 9. Nd4 Nc5 10. f3 Bd7 11. Bh6 a6 12. h4 b5 13. h5 b4 14. Nce2 a5 15. g4 Rb8 16. hxg6 fxg6 17. Bxg7 Kxg7 18. Qh6+ Kg8 19. g5 Nh5 20. Rxh5 Rf7 21. Rh2 a4 22. Bh3 b3 23. cxb3 axb3 24. a3 Qc8 25. Nc6 Ra8 26. Bxd7 Qxd7 27. Qh3 Qe8 28. Ned4 Ra4 29. Ne6 Rc4+ 30. Kb1 Kh8 31. Nxc5 Rxc5 32. Rdh1 h5 33. gxh6 Rf6 34. Rc1 Rb5 35. h7 Qf8 36. Nd4 Rb6 37. Rxc7 Rf7 38. Rc8 1-0

[Event "Skalica op"]
[Site "Skalica"]
[Date "2019.08.27"]
[Round "4"]
[White "Gasa, Patrik"]
[Black "Kovarikova, Maria"]
[Result "1-0"]
[WhiteElo "2187"]
[BlackElo "1854"]
[PlyCount "71"]
[EventDate "2019.08.25"]
[EventType "swiss"]
[EventRounds "9"]
[EventCountry "SVK"]
[SourceTitle "EXT 2020"]
[Source "ChessBase"]
[SourceDate "2019.10.17"]
[SourceVersion "1"]
[SourceVersionDate "2019.10.17"]
[SourceQuality "1"]

1. d4 Nf6 2. c4 e5 3. dxe5 Ng4 4. Nf3 Bc5 5. e3 Nc6 6. Nc3 0-0 7. Be2 Ngxe5 8. 0-0 Kh8 9. Nxe5 Nxe5 10. f4 Nc6 11. Kh1 f5 12. e4 d6 13. Bd3 Nb4 14. Bb1 Rf6 15. Qh5 Be6 16. b3 Bd4 17. Bd2 Rh6 18. Qg5 Bf6 19. Qg3 Qd7 20. a3 Nc6 21. exf5 Bxf5 22. Bxf5 Qxf5 23. Rad1 Bh4 24. Qe3 Bf6 25. Nd5 Bd4 26. Qf3 Bb6 27. Bc3 Nd8 28. Rde1 Ne6 29. g4 Qf8 30. Rxe6 Rxe6 31. f5 Rh6 32. f6 gxf6 33. Nxf6 d5 34. Nxd5+ Kg8 35. Qxf8+ Rxf8 36. Ne7# 1-0

[Event "Skalica op"]
[Site "Skalica"]
[Date "2019.08.26"]
[Round "2"]
[White "Manik, Mikulas"]
[Black "Kovarikova, Maria"]
[Result "1-0"]
[WhiteElo "2374"]
[BlackElo "1854"]
[PlyCount "37"]
[EventDate "2019.08.25"]
[EventType "swiss"]
[EventRounds "9"]
[EventCountry "SVK"]
[SourceTitle "EXT 2020"]
[Source "ChessBase"]
[SourceDate "2019.10.17"]
[SourceVersion "1"]
[SourceVersionDate "2019.10.17"]
[SourceQuality "1"]

1. e4 e5 2. Nf3 Nc6 3. Bb5 g6 4. d4 Bg7 5. Bg5 Nge7 6. Bxc6 bxc6 7. dxe5 Ba6 8. Qd4 0-0 9. Nc3 h6 10. Bf6 Bxf6 11. exf6 Nc8 12. 0-0-0 d6 13. e5 d5 14. Qh4 h5 15. g4 Qd7 16. gxh5 Qf5 17. hxg6 fxg6 18. Ng5 Qd7 19. e6 1-0

[Event "Skalica op"]
[Site "Skalica"]
[Date "2019.08.25"]
[Round "1"]
[White "Kovarikova, Maria"]
[Black "Bochnicka, Vladimir1111"]
[Result "1/2-1/2"]
[WhiteElo "1854"]
[BlackElo "2193"]
[PlyCount "78"]
[EventDate "2019.08.25"]
[EventType "swiss"]
[EventRounds "9"]
[EventCountry "SVK"]
[SourceTitle "EXT 2020"]
[Source "ChessBase"]
[SourceDate "2019.10.17"]
[SourceVersion "1"]
[SourceVersionDate "2019.10.17"]
[SourceQuality "1"]

1. e4 c5 2. Nc3 Nc6 3. g3 g6 4. Bg2 Bg7 5. d3 d6 6. f4 e5 7. Nh3 Nge7 8. 0-0 0-0 9. f5 gxf5 10. Qh5 Nd4 11. Bh6 Bxh6 12. Qxh6 f6 13. exf5 Bxf5 14. Nd5 Nxd5 15. Bxd5+ Be6 16. Be4 Qd7 17. Nf2 f5 18. Bg2 Qg7 19. Qd2 f4 20. c3 Nf5 21. g4 Ne3 22. Rfe1 Nxg2 23. Kxg2 Bxg4 24. Rg1 Rf6 25. Nxg4 Rg6 26. Kh1 Kh8 27. Nf2 Rg8 28. Rxg6 Qxg6 29. Ne4 d5 30. Nxc5 b6 31. Nb3 f3 32. Qf2 Qxd3 33. Re1 Rg2 34. Qh4 Qg6 35. Qd8+ Kg7 36. Qe7+ Kg8 37. Qd8+ Kg7 38. Qe7+ Kg8 39. Qd8+ Kg7 1/2-1/2

[Event "SVK-chT U20 final"]
[Site "Banska Bystrica"]
[Date "2019.05.12"]
[Round "4.4"]
[White "Nadzamova, Viktoria"]
[Black "Kovarikova, Maria"]
[Result "1-0"]
[WhiteElo "1796"]
[BlackElo "1745"]
[PlyCount "145"]
[EventDate "2019.05.10"]
[EventType "team-tourn"]
[EventRounds "5"]
[EventCountry "SVK"]
[SourceTitle "EXT 2020"]
[Source "ChessBase"]
[SourceDate "2019.10.17"]
[SourceVersion "1"]
[SourceVersionDate "2019.10.17"]
[SourceQuality "1"]
[WhiteTeam "Kosice Slavia UPJS"]
[BlackTeam "Komarno KSC"]
[WhiteTeamCountry "SVK"]
[BlackTeamCountry "SVK"]

1. e4 e5 2. Nf3 Nc6 3. Bb5 a6 4. Ba4 Nf6 5. d3 d6 6. c3 Be7 7. 0-0 0-0 8. Re1 Bg4 9. Nbd2 b5 10. Bc2 Re8 11. h3 Bh5 12. Nf1 Bg6 13. g4 h5 14. N3h2 d5 15. f3 Nh7 16. f4 f6 17. gxh5 Bf7 18. Qg4 Kh8 19. f5 Rg8 20. Nf3 Qe8 21. Ng3 Bc5+ 22. Kg2 dxe4 23. dxe4 g6 24. hxg6 Bxg6 25. fxg6 Rxg6 26. Qh4 Be7 27. Kh2 f5 28. Qh5 f4 29. Nf5 Rg2+ 30. Kxg2 Qxh5 31. Bb3 Ng5 32. Nxg5 Qxg5+ 33. Kh2 Bc5 34. Bd5 Qf6 35. b4 Bb6 36. Bb2 Rf8 37. Re2 Ne7 38. Nxe7 Qxe7 39. Rg2 Qf6 40. Rf1 c6 41. Bb3 f3 42. Rg4 Be3 43. Bd1 f2 44. Kg2 Rd8 45. Bf3 Rf8 46. Bd1 Rd8 47. Bf3 Rf8 48. Bd1 Qd8 49. c4 Qe7 50. c5 Rd8 51. Bf3 a5 52. a3 axb4 53. axb4 Ra8 54. Rg3 Ra2 55. Ba1 Ra8 56. Bg4 Bf4 57. Rf3 Kg8 58. R3xf2 Ra4 59. Bc3 Ra3 60. Rf3 Qh4 61. Be1 Ra2+ 62. Kh1 Qd8 63. Be6+ Kh7 64. Bxa2 Qe8 65. Bb3 Qa8 66. Be6 Qa4 67. R3f2 Qa8 68. Rg2 Qe8 69. Bf5+ Kh8 70. Rfg1 Qf7 71. Rg8+ Qxg8 72. Rxg8+ Kxg8 73. Bd7 1-0